000 00320nam a22001337a 4500
008 181022b xxu||||| |||| 00| 0 eng d
020 _a0517348179
041 _aeng
080 _a821
100 _a21
101 _aGJL
245 _aThe Avenel Companion to English & American Literature
_cDaiches, D
942 _2udc
_cBK
999 _c50543
_d50543